Public 4-Year Colleges: West Virginia - Statistics

General Stats
  • This quiz has been taken 13 times
  • The average score is 6 of 12
Answer Stats
Enrollment Answer % Correct
11,023 Marshall University
100%
25,474 West Virginia University
100%
3,415 West Virginia State University
58%
3,562 Fairmont State University
50%
1,557 Glenville State College
42%
1,174 Potomac State College of West Virginia University
42%
1,619 West Virginia University Institute of Technology
42%
1,749 Concord University
33%
2,291 West Liberty University
33%
1,358 Bluefield State College
25%
3,015 Shepard University
25%
2,346 West Virginia University at Parkersburg
17%
No matching quizzes found
Score Distribution
Percent of People with Each Score
Percentile by Number Answered
Your Score History
You have not taken this quiz